000 00529nam a2200181Ia 4500
008 240729s9999 xx 000 0 und d
022 _a2090-911X
245 4 _aThe Egyptian Heart Journal
260 _aUnited Kingdom
260 _bSpringerOpen
650 _a Diseases of the circulatory (Cardiovascular) system
650 _a Internal medicine
650 _a Specialties of internal medicine
650 _aMedicine
856 _uhttps://doaj.org/toc/15d4abc26f90470c9121dbe9a24d1a68
942 _2ddc
942 _cDOAJEJ
999 _c66716
_d66716
945 _a1
_bMadushi Gamage
_c1
_dMadushi Gamage